000 00372nam a2200145Ia 4500
008 230711s9999||||xx |||||||||||||| ||und||
041 _aENG
082 _a624
_bBR-N
100 _aBrady,Nyle C.
245 4 _aThe nature and properties of soil
250 _a5th . Ed.
260 _c1990
_aNew York
_bMacMillan Publications Pvt.Ltd
650 _aCivil Engineering
942 _cBK
999 _c630
_d630